G7 Countries Quiz Stats

 Plays Quiz not verified by Sporcle

Score 0/7 Timer 05:00
0 Plays Today
% Correct
France
98.8%
Germany
98.8%
United States
98.8%
Canada
96.3%
Italy
93.9%
United Kingdom
93.9%
Japan
92.7%

You're not logged in!

Compare scores with friends on all Sporcle quizzes.
OR
Log In

You Might Also Like...

Show Comments

Extras

Created May 27, 2017ReportNominate
Tags:Country Quiz

Top Quizzes Today


Score Distribution

Your Account Isn't Verified!

In order to create a playlist on Sporcle, you need to verify the email address you used during registration. Go to your Sporcle Settings to finish the process.

Report this User

Report this user for behavior that violates our Community Guidelines.

Details: